01493nam a22001817a 450000500170000000800410001702000180005804000070007604100080008308200210009110000190011224500180013126000300014930000260017952010530020565000330125870000200129120230807100030.0230807b ||||| |||| 00| 0 eng d a9780752877037 cAL aeng 223a813.54bLUDW aRobert Ludlums aMoscow vector aLondonbOrion Booksc2005 a407p.bPBc18x11.5cm. aAt an international conference in Prague, Lt. Col. Jon Smith, an Army research doctor specializing in infectious diseases and secretly an agent attached to Covert-One, is contacted by a Russian colleague, Dr. Valentine Petrenko. Petrenko is concerned about a small cluster of mysterious deaths in Moscow and about the Russian government's refusal to release publicly any information or data on the outbreak. When the two meet, they are attacked by a group of mysterious men and Petrenko is killed, his notes and medical samples are lost, and Smith barely escapes with his life. At the same time, a series of government officials around the world are coming down with a mysterious, fast-acting virus with a 100% fatality rate. These deaths are somehow related to the increasing militarism from the new Russian government, headed by the autocratic and ambitious President Victor Dudarev. With few clues and precious little time, Smith and Covert-One must unravel this mysterious plot and find the mysterious figure who stands at the center of it all 2LiteratureaAmerican Fiction aLarkin, Patrick